Of English literature in the reign of Victoria with a glance at the past /

Bibliographic Details
Main Author: Morley, Henry, 1822-1894
Format: Book
Language:English
Published: New York : G.P. Putnam's sons, 1882.
Series:Collection of British authors. Tauchnitz ed. v. 2000
Subjects:

MARC

Tag First Indicator Second Indicator Subfields
LEADER 00000cam a2200000 4500
001 in00000036618
005 20151007062144.0
008 750825s1882 nyuah 00010 eng
010 |a  11029274  
035 |a (OCoLC)01570870 
035 |9 AAD4090AM 
040 |a DLC  |c DZM  |d TXA  |d UtOrBLW 
049 |a TXAM  |c [203733] 
050 0 |a PR461  |b .M6 
092 |a 820.9  |b M864o 
100 1 |a Morley, Henry,  |d 1822-1894. 
245 1 0 |a Of English literature in the reign of Victoria with a glance at the past /  |c by Henry Morley ... with a frontispiece. 
264 1 |a New York :  |b G.P. Putnam's sons,  |c 1882. 
300 |a x, 361 pages :  |b illustrations (facsimiles) ;  |c 16 cm. 
336 |a text  |b txt  |2 rdacontent 
337 |a unmediated  |b n  |2 rdamedia 
338 |a volume  |b nc  |2 rdacarrier 
490 0 |a Collection of British authors. Tauchnitz ed. v. 2000 
500 |a "Facsimiles of the signatures of authors in the Tauchnitz edition photographed from their correspondence and agreements with Baron Tauchnitz. A frontispiece to volume 2000."--x p. 
650 0 |a English literature  |y 19th century  |x History and criticism. 
999 |a MARS 
999 f f |s 7b2abad7-85bf-3d34-85bc-152767a8b8e2  |i d14c14e9-82ba-3a0d-8e1d-d1a70d44d3f0  |t 0 
952 f f |p normal  |a Texas A&M University  |b College Station  |c Sterling C. Evans Library  |d Evans: Library Stacks  |t 0  |e PR461 .M6  |h Library of Congress classification  |i unmediated -- volume  |m A14801272796 
998 f f |a PR461 .M6  |t 0  |l Evans: Library Stacks